Explicación de la doctrina cristiana según el método con que la enseñan los padres de las escuelas pías á los niños que frecuentan sus escuelas dispuestas en forma de diálogo / por el Padre Cayetano de San Juan Bautista, Sacerdote de dichas escuelas pías

Detalles Bibliográficos
Autor principal: Cayetano de San Juan Bautista
Formato: Libro
Lenguaje:Spanish
Publicado: París ; México : librería de Ch. Bouret, 1887.
Materias:
Colección:Banco de datos
Acervo:Monasterio de Santa Catalina de Siena de la Orden de Santo Domingo de Morelia. Michoacán
Descripción Física:300 p. : il. ; 8°
Tema general:Catequética
Notas:Incluye frontispicio en grabado litográfico. Portada con monograma del impresor en grabado litográfico. Encuadernación en cartón con lomo en piel. Daños en la encuadernación
LEADER 01000nam a22001690004500
035 |a 389 
041 0 |a spa 
100 1 |a Cayetano de San Juan Bautista 
245 1 0 |a Explicación de la doctrina cristiana según el método con que la enseñan los padres de las escuelas pías á los niños que frecuentan sus escuelas dispuestas en forma de diálogo / por el Padre Cayetano de San Juan Bautista, Sacerdote de dichas escuelas pías 
260 |a París ; México : librería de Ch. Bouret, 1887. 
300 |a 300 p. : il. ; 8° 
500 |a Incluye frontispicio en grabado litográfico. Portada con monograma del impresor en grabado litográfico. Encuadernación en cartón con lomo en piel. Daños en la encuadernación 
650 1 0 |a Catequética 
949 |a Monasterio de Santa Catalina de Siena y Santa Ana del Convento de Dominicas de Morelia, Michoacán: 936 
942 |c DOMMOR 
943 |g Monasterio de Santa Catalina de Siena de la Orden de Santo Domingo de Morelia. Michoacán 
999 |c 1104445  |d 1104445